Statistics for The 1975 - Oh Caroline (Lyrics)

Click here to take the quiz!

General Stats

  • This quiz has been taken 119 times
  • The average score is 200 of 229

Answer Stats

Answer% Correct
I
100%
a
99%
be
99%
you,
98%
you
98%
Caroline!"
96%
Caroline
96%
my
96%
on
96%
your
96%
been
95%
by
95%
it
95%
I've
95%
always
94%
Always
94%
for
94%
me
94%
me?
94%
mind
94%
time
94%
'Cause
93%
do
93%
Get
93%
get
93%
suicidal?
93%
suicidal
93%
this
93%
to
93%
you're
91%
that
91%
weeks
91%
you're
91%
try
90%
wanna
90%
want
90%
anything
89%
gone
89%
right
88%
The
88%
the
88%
I'll
86%
I'm
86%
Baby,
85%
baby
85%
baby,
85%
knees
85%
No,
85%
in
84%
Getting
83%
getting
83%
not
83%
It's
81%
You've
80%
If
79%
But
78%
honestly
78%
thousand
78%
times
78%
don't
76%
heart
76%
nerves
76%
decide
75%
Somewhere
75%
somewhere
75%
undecided,
75%
And
74%
find
74%
is
74%
is,
74%
will
74%
Just
73%
just
73%
need
73%
tried
73%
like
71%
moonlight
71%
one
71%
place
71%
everything
70%
myself
69%
give
68%
guaranteed
66%
more
66%
only
65%
chance
63%
life
61%
waste
61%
without
61%
tonight
59%
another
56%
name
56%
rhymes
55%
cucked,
53%

Score Distribution

Percentile by Number Answered

Percent of People with Each Score

Your Score History

You have not taken this quiz